000 00395nam a2200145Ia 4500
005 20250729165738.0
008 250729s2014 xx 000 0 und d
041 _aeng
082 _a371.425 NAYE
100 _aA K Nayak
_9231963
245 _aEducational and Vocational Guidence and Counselling
260 _aNew Delhi
_bA P H PUBLISHING
_c2014
300 _a244p
650 _aEducation
_9231964
999 _c239545
_d239545